Tous les "Depuis quand ça existe" de David Castello-Lopes - Statistiques

Statistiques générales
  • Ce quiz a été pris 10 fois
  • Le résultat moyen est 4 sur 38
Statistiques - réponses
Depuis quand ça existe % Correct
Le surimi
70%
Les Post-it
50%
Le basket
40%
Les code-barres
30%
Le zouk
30%
L'appareil photo numérique
20%
Le karaoké
20%
Les motocrottes
20%
Les ramasseurs de balles
20%
Bonjour-han
10%
L'aquabike
10%
Le fluo des gilets jaunes
10%
Le Kabaddi
10%
Les barrières de chantier
10%
Les bornes pour noter lestrucs de la vraie vie?
10%
Les cahiers de vacances
10%
Les chats sans poil
10%
Les cimetières pour animaux
10%
Les distributeurs
10%
Les kiosques à journaux chelousà Paris
10%
L'Auto-tune
0%
Le bruit du Passe Navigo
0%
L'économe
0%
Le jingle de la SNCF
0%
Le paintball
0%
Le pastel de nata
0%
L'épilateur électrique
0%
L'épilation
0%
Les alexandrins
0%
Les camions qui font bip-bip quand ils reculent
0%
Les émojis
0%
Les gens qui disent "belle journée"au lieu de "bonne journée"
0%
Les noms en "eo"
0%
Les ONG sur les trottoirs
0%
Les seins en silicone
0%
Les stagiaires de 3ème
0%
Le V avec les doigts
0%
L'IPA
0%
Aucun quiz correspondant
Distribution des résultats
% des personnes avec chaque résultat
Percentile par nombre de réponses
Votre historique - résultats
Vous n’avez pas pris ce quiz